The Analysis of Thermal Efficiency of CCGT with Back - Pressure via the Methods of Small-Deflection; MATEC Web of Conferences; Vol. 91 : Smart Grids 2017
| Parent link: | MATEC Web of Conferences Vol. 91 : Smart Grids 2017.— 2017.— [01013, 4 p.] |
|---|---|
| מחבר ראשי: | |
| מחבר תאגידי: | |
| מחברים אחרים: | |
| סיכום: | Title screen Presents the results of studying the influence of efficiency gas turbine and steam section of CCGT on the thermal efficiency of combined-cycle plant with back-pressure based on a powerful high-temperature gas turbine. To assess the impact of selected parameters was made analysis by method of small-deflection. The advantages of one-circuit combined-cycle in comparison with more complex schemes. According to the research results, have been made corresponding conclusions. |
| שפה: | אנגלית |
| יצא לאור: |
2017
|
| נושאים: | |
| גישה מקוונת: | http://dx.doi.org/10.1051/matecconf/20179101013 http://earchive.tpu.ru/handle/11683/36601 |
| פורמט: | אלקטרוני Book Chapter |
| KOHA link: | https://koha.lib.tpu.ru/cgi-bin/koha/opac-detail.pl?biblionumber=652889 |
MARC
| LEADER | 00000nla2a2200000 4500 | ||
|---|---|---|---|
| 001 | 652889 | ||
| 005 | 20250619175033.0 | ||
| 035 | |a (RuTPU)RU\TPU\network\18260 | ||
| 035 | |a RU\TPU\network\18257 | ||
| 090 | |a 652889 | ||
| 100 | |a 20170131a2017 k y0engy50 ba | ||
| 101 | 0 | |a eng | |
| 105 | |a y z 100zy | ||
| 135 | |a drgn ---uucaa | ||
| 181 | 0 | |a i | |
| 182 | 0 | |a b | |
| 200 | 1 | |a The Analysis of Thermal Efficiency of CCGT with Back - Pressure via the Methods of Small-Deflection |f A. Uvarov, A. M. Antonova | |
| 203 | |a Text |c electronic | ||
| 300 | |a Title screen | ||
| 320 | |a [References: 9 tit.] | ||
| 330 | |a Presents the results of studying the influence of efficiency gas turbine and steam section of CCGT on the thermal efficiency of combined-cycle plant with back-pressure based on a powerful high-temperature gas turbine. To assess the impact of selected parameters was made analysis by method of small-deflection. The advantages of one-circuit combined-cycle in comparison with more complex schemes. According to the research results, have been made corresponding conclusions. | ||
| 461 | 0 | |0 (RuTPU)RU\TPU\network\4526 |t MATEC Web of Conferences | |
| 463 | 0 | |0 (RuTPU)RU\TPU\network\17893 |t Vol. 91 : Smart Grids 2017 |o The Fourth International Youth Forum, October 10-14, 2016, Tomsk, Russia |o [proceedings] |f National Research Tomsk Polytechnic University (TPU) ; eds P. A. Strizhak ; G. V. Kuznetsov ; A. O. Zhdanova |v [01013, 4 p.] |d 2017 | |
| 610 | 1 | |a электронный ресурс | |
| 610 | 1 | |a труды учёных ТПУ | |
| 610 | 1 | |a тепловые эффекты | |
| 610 | 1 | |a газовые турбины | |
| 610 | 1 | |a КПД | |
| 610 | 1 | |a парогазовые установки | |
| 610 | 1 | |a эффективность | |
| 610 | 1 | |a биологическая безопасность | |
| 700 | 1 | |a Uvarov |b A. |c specialist in the field of power engineering |c assistant of Tomsk Polytechnic University |f 1993- |g Artem |3 (RuTPU)RU\TPU\pers\36025 | |
| 701 | 1 | |a Antonova |b A. M. |c specialist in the field of power engineering |c Associate Professor of Tomsk Polytechnic University, Candidate of technical sciences |f 1952- |g Aleksandra Mikhailovna |y Tomsk |3 (RuTPU)RU\TPU\pers\35870 |9 19013 | |
| 712 | 0 | 2 | |a Национальный исследовательский Томский политехнический университет (ТПУ) |b Энергетический институт (ЭНИН) |b Кафедра атомных и тепловых электростанций (АТЭС) |3 (RuTPU)RU\TPU\col\18683 |
| 801 | 2 | |a RU |b 63413507 |c 20170203 |g RCR | |
| 856 | 4 | |u http://dx.doi.org/10.1051/matecconf/20179101013 | |
| 856 | 4 | |u http://earchive.tpu.ru/handle/11683/36601 | |
| 942 | |c CF | ||